000 00508nam a2200169Ia 4500
008 240428s9999||||xx |||||||||||||| ||und||
020 _a1555875009
041 _aeng
082 _a321.8A
100 _aArat, Zehra F.
245 0 _aDemocracy and human rights in developing countries
260 _bLynne Rienner Pub
_aColorado:
_c1991
300 _axi, 219p: graphs: tabs;
650 _aDemocracy and Human Rights - Human Rights- Developing Countries - Politics and Government
942 _cBK
999 _c225
_d225